Estudio semidetallado de suelos de las áreas : (Registro nro. 18330)
[ vista simple ]
| 000 -CABECERA | |
|---|---|
| Campo de control | 00991nam a2200241 a 4500 |
| 005 - FECHA Y HORA DE LA ULTIMA TRANSACCION | |
| Campo de control | 20160422095614.0 |
| 008 - ELEMENTOS DE LONGITUD FIJA—INFORMACION GENERAL | |
| Campo de control | 020202s2007 ck ab gr 00010 spa d |
| 020 ## - ISBN | |
| ISBN | 9588323126 |
| 040 ## - FUENTE DE CATALOGACIÓN | |
| Agencia catalogadora original | CO-BoBLA |
| Agencia transcriptora | CO-BoBLA |
| Agencia Modificadora | CO-BoIAVH |
| 041 0# - IDIOMA | |
| Código de idioma para texto/pista de sonido o título separado | Español |
| 044 ## - PAÍS DE PUBLICACIÓN | |
| País de publicación | Colombia |
| 082 04 - NUMERO DE CLASIFICACION DECIMAL DEWEY | |
| Número de clasificación | 631.44 |
| Número del ítem | I59s2 |
| 110 2# - ASIENTO PRINCIPAL--NOMBRE CORPORATIVO | |
| Nombre corporativo o de jurisdicción como elemento de entrada | Instituto Geográfico "Agustín Codazzi". |
| Unidad subordinad | Subdirección Agrológica. |
| 9 (RLIN) | 66493 |
| 245 10 - MENCION DE TITULO | |
| Título | Estudio semidetallado de suelos de las áreas : |
| Parte restante del título | potencialmente agrícolas, Frontino, Departamento de Antioquia / |
| Mención de responsabilidad | IGAC. |
| 260 3# - PUBLICACION, DISTRIBUCION, ETC. (PIE DE IMPRENTA) | |
| Lugar de publicación, distribución, etc. | Bogotá : |
| Nombre del editor, distribuidor, etc. | IGAC, |
| Fecha de publicación, distribución, etc. | 2007. |
| 300 ## - DESCRIPCION FISICA | |
| Extensión | 143, [49] páginas : |
| Otros detalles físicos | ilustraciones a color y mapas a color ; |
| Dimensiones | 28 x 21 centímetros |
| 500 ## - NOTA GENERAL | |
| Nota general | Incluye glosario. |
| 504 ## - NOTA DE BIBLIOGRAFIA, ETC. | |
| Nota de bibliografía | Incluye referencias bibliográficas. |
| 650 14 - ASIENTO SECUNDARIO DE MATERIA - TERMINO TEMATICO | |
| Término temático o nombre geográfico como elemento de entrada | Suelos |
| Subdivisión geográfica | Frontino (Antioquia, Colombia) |
| 9 (RLIN) | 66494 |
| 650 26 - ASIENTO SECUNDARIO DE MATERIA - TERMINO TEMATICO | |
| Término temático o nombre geográfico como elemento de entrada | Análisis del suelo |
| Subdivisión geográfica | Frontino (Antioquia, Colombia) |
| 9 (RLIN) | 66495 |
| 650 24 - ASIENTO SECUNDARIO DE MATERIA - TERMINO TEMATICO | |
| Término temático o nombre geográfico como elemento de entrada | Suelos |
| Subdivisión de forma | Clasificación |
| Subdivisión geográfica | Frontino (Antioquia, Colombia) |
| 9 (RLIN) | 66496 |
| 942 ## - ELEMENTOS ADICIONALES (KOHA) | |
| Sistema de clasificación | Dewey Decimal Classification |
| Tipo de ítem | Libro |
| Withdrawn status | Lost status | Sistema de Clasificación | Damaged status | No para préstamo | Colección | Inventariado | Ubicación Permanente | Ubicación actual | Fecha de adquisición | Fuente de Valor | Valor | Total Checkouts | Número topográfico | Inventario / Código de Barras | Date last seen | Ejemplar | Price effective from | Forma de adquisición | Tipo de material | Public note |
|---|---|---|---|---|---|---|---|---|---|---|---|---|---|---|---|---|---|---|---|---|
| Dewey Decimal Classification | General | Inventariado 2017 | Bogotá | Bogotá | 22/04/2016 | Instituto | 39000.00 | LB-631.44 I59s2 | 035251 | 22/04/2016 | Ej. 1 | 22/04/2016 | Libro | Incluye CD-ROM de planchas, anexos y memorias (CID- 035252). |